[Event "POL-chT 2nd League"]
[Site "Jastrzebia Gora"]
[Date "2023.09.03"]
[Round "2.26"]
[White "Kosiorek, Marek"]
[Black "Jankowiak, Piotr"]
[Result "1-0"]
[WhiteElo "2259"]
[BlackElo "2073"]
[PlyCount "34"]
[EventDate "2023.09.02"]
[EventType "team-swiss"]
[EventRounds "9"]
[EventCountry "POL"]
[SourceTitle "EXT 2024"]
[Source "ChessBase"]
[SourceDate "2023.10.10"]
[SourceVersion "1"]
[SourceVersionDate "2023.10.10"]
[SourceQuality "1"]
[WhiteTeam "Zielonka Zieloni"]
[BlackTeam "Bogatynia UKS SP3"]
[WhiteTeamCountry "POL"]
[BlackTeamCountry "POL"]

1. d4 d5 2. Nf3 Nf6 3. c4 c6 4. Nc3 dxc4 5. a4 Bf5 6. e3 e6 7. Bxc4 Bb4 8. 0-0 Nbd7 9. Qb3 Qe7 10. Nh4 Bg4 11. f3 Bh5 12. g3 0-0 13. Na2 Bd6 14. e4 Bc7 15. Be3 Rab8 16. Nc3 a5 17. Rac1 Rfd8 1-0

[Event "POL-chT 2nd League"]
[Site "Jastrzebia Gora"]
[Date "2022.09.08"]
[Round "6.50"]
[White "Jankowiak, Piotr"]
[Black "Paczka, Patryk"]
[Result "1/2-1/2"]
[WhiteElo "2046"]
[BlackElo "1916"]
[PlyCount "31"]
[EventDate "2022.09.03"]
[EventType "team-swiss"]
[EventRounds "9"]
[EventCountry "POL"]
[SourceTitle "CBM 210 Extra"]
[Source "ChessBase"]
[SourceDate "2022.11.30"]
[SourceVersion "1"]
[SourceVersionDate "2022.11.30"]
[SourceQuality "1"]
[WhiteTeam "Bogatynia UKS SP3"]
[BlackTeam "Lipno Steszew"]
[WhiteTeamCountry "POL"]
[BlackTeamCountry "POL"]

1. d4 Nf6 2. Bg5 d5 3. Bxf6 exf6 4. e3 f5 5. Nf3 Bd6 6. c4 dxc4 7. Bxc4 0-0 8. 0-0 Nd7 9. Nc3 Nf6 10. Rc1 c6 11. Qb3 Qb6 12. Rfd1 Qxb3 13. Bxb3 Rd8 14. Ng5 Nd5 15. Nxd5 cxd5 16. f4 1/2-1/2

[Event "Wroclaw op-A"]
[Site "Wroclaw"]
[Date "2022.08.07"]
[Round "9"]
[White "Grabarczyk, Miroslaw"]
[Black "Jankowiak, Piotr"]
[Result "1/2-1/2"]
[WhiteElo "2371"]
[BlackElo "2025"]
[PlyCount "46"]
[EventDate "2022.07.31"]
[EventType "swiss"]
[EventRounds "9"]
[EventCountry "POL"]
[SourceTitle "CBM 209 Extra"]
[Source "ChessBase"]
[SourceDate "2022.09.30"]
[SourceVersion "1"]
[SourceVersionDate "2022.09.30"]
[SourceQuality "1"]

1. d4 d5 2. c4 c6 3. Nf3 Nf6 4. e3 a6 5. c5 Nbd7 6. b4 a5 7. b5 e5 8. dxe5 Ne4 9. Be2 Bxc5 10. 0-0 0-0 11. Qc2 Qe7 12. Bb2 f6 13. bxc6 bxc6 14. Nc3 Nxc3 15. Bxc3 fxe5 16. Nxe5 Nxe5 17. Bxe5 Bf5 18. Qb2 Ba3 19. Qc3 Bb4 20. Qd4 Bc5 21. Qb2 Ba3 22. Qc3 Bb4 23. Qb2 Ba3 1/2-1/2

[Event "Wroclaw op-A"]
[Site "Wroclaw"]
[Date "2022.07.31"]
[Round "2"]
[White "Jankowiak, Piotr"]
[Black "Smietanska, Wiktoria"]
[Result "1-0"]
[WhiteElo "2025"]
[BlackElo "1919"]
[PlyCount "95"]
[EventDate "2022.07.31"]
[EventType "swiss"]
[EventRounds "9"]
[EventCountry "POL"]
[SourceTitle "CBM 209 Extra"]
[Source "ChessBase"]
[SourceDate "2022.09.30"]
[SourceVersion "1"]
[SourceVersionDate "2022.09.30"]
[SourceQuality "1"]

1. d4 d5 2. Nf3 Nf6 3. Bf4 c5 4. e3 Nc6 5. Nbd2 Bg4 6. c3 e6 7. h3 Bh5 8. Be2 Bd6 9. Ne5 Bxe2 10. Qxe2 Qc7 11. Nxc6 Qxc6 12. Bxd6 Qxd6 13. Qb5+ Qc6 14. Qxc5 Qxc5 15. dxc5 Nd7 16. b4 Rc8 17. Ke2 Ke7 18. Rhc1 Rc7 19. c4 Nf6 20. cxd5 Nxd5 21. a3 Rhc8 22. Nc4 Rd8 23. g3 h5 24. h4 g6 25. f3 Kf6 26. Nd6 a6 27. e4 Ne7 28. Rd1 Nc6 29. f4 e5 30. Ke3 Ke6 31. Ra2 f6 32. Rf2 Rcd7 33. Rdf1 Rf8 34. Rd2 Rfd8 35. Rfd1 exf4+ 36. gxf4 Rg7 37. Nxb7 Rxd2 38. Rxd2 Rxb7 39. Rd6+ Ke7 40. Rxc6 a5 41. Rb6 Ra7 42. b5 Rd7 43. c6 Rd1 44. Rb7+ Kd8 45. b6 Rc1 46. Rb8+ Ke7 47. c7 Kd7 48. Rd8+ 1-0

[Event "POL-chT 1st League"]
[Site "Szklarska Poreba"]
[Date "2021.09.08"]
[Round "5.12"]
[White "Jankowiak, Piotr"]
[Black "Golda, Sebastian"]
[Result "0-1"]
[WhiteElo "2080"]
[BlackElo "2053"]
[PlyCount "66"]
[EventDate "2021.09.04"]
[EventType "team-swiss"]
[EventRounds "9"]
[EventCountry "POL"]
[SourceTitle "CBM 204 Extra"]
[Source "ChessBase"]
[SourceDate "2021.11.30"]
[SourceVersion "1"]
[SourceVersionDate "2021.11.30"]
[SourceQuality "1"]
[WhiteTeam "Bogatynia UKS SP3"]
[BlackTeam "Krakow KKSz"]
[WhiteTeamCountry "POL"]
[BlackTeamCountry "POL"]

1. d4 c5 2. d5 d6 3. e4 g6 4. f4 Bg7 5. Nf3 Nf6 6. Nc3 0-0 7. Bc4 b5 8. Bxb5 Nxe4 9. Nxe4 Qa5+ 10. Nc3 Bxc3+ 11. bxc3 Qxb5 12. Kf2 Re8 13. Re1 Qa4 14. Qd2 Bf5 15. Re2 Nd7 16. h3 Nf6 17. Kg1 Qc4 18. Qe1 Nxd5 19. g4 Nxf4 20. Bxf4 Qxf4 21. Nh4 Bd7 22. Ng2 Qf6 23. Qg3 Bc6 24. Rf1 Qg7 25. Ref2 Rf8 26. Re1 Rae8 27. Nf4 e5 28. Ng2 f5 29. gxf5 gxf5 30. Qd3 Rf6 31. Kh2 Kh8 32. Nh4 Rg8 33. Ref1 f4 0-1

[Event "Suwalki Warakomska Memorial 5th"]
[Site "Suwalki"]
[Date "2021.08.03"]
[Round "9"]
[White "Jankowiak, Piotr"]
[Black "Valantiejus, Vaidotas"]
[Result "1-0"]
[WhiteElo "2039"]
[BlackElo "2124"]
[PlyCount "79"]
[EventDate "2021.07.27"]
[EventType "swiss"]
[EventRounds "9"]
[EventCountry "POL"]
[SourceTitle "EXT 2022"]
[Source "ChessBase"]
[SourceDate "2021.10.06"]
[SourceVersion "1"]
[SourceVersionDate "2021.10.06"]
[SourceQuality "1"]

1. e4 c5 2. Nf3 e6 3. g3 Nc6 4. Bg2 d5 5. exd5 exd5 6. d4 c4 7. 0-0 Nf6 8. Re1+ Be7 9. Ne5 0-0 10. b3 cxb3 11. axb3 Bf5 12. c3 Re8 13. Nd2 a5 14. Nxc6 bxc6 15. Ba3 Bxa3 16. Rxe8+ Qxe8 17. Rxa3 h6 18. Ra2 Ra7 19. Nf1 Ne4 20. Qa1 Rb7 21. Ra3 Kh7 22. Qb2 Nd6 23. Qd2 Qb8 24. Qf4 Bg6 25. Rxa5 Rxb3 26. Rc5 Rb6 27. c4 dxc4 28. Bxc6 Qd8 29. Ne3 Bd3 30. Bf3 f6 31. Bd5 Qe7 32. h3 g5 33. Qf3 Ne4 34. Qf5+ Kg7 35. Qc8 Kg6 36. Rc7 Rb1+ 37. Kh2 Rh1+ 38. Kxh1 Nxg3+ 39. fxg3 Be4+ 40. Kh2 1-0

[Event "Suwalki Warakomska Memorial 5th"]
[Site "Suwalki"]
[Date "2021.08.02"]
[Round "8"]
[White "Kukula, Pawel"]
[Black "Jankowiak, Piotr"]
[Result "0-1"]
[WhiteElo "2195"]
[BlackElo "2039"]
[PlyCount "80"]
[EventDate "2021.07.27"]
[EventType "swiss"]
[EventRounds "9"]
[EventCountry "POL"]
[SourceTitle "EXT 2022"]
[Source "ChessBase"]
[SourceDate "2021.10.06"]
[SourceVersion "1"]
[SourceVersionDate "2021.10.06"]
[SourceQuality "1"]

1. d4 Nf6 2. Nf3 d5 3. c4 c6 4. Qc2 g6 5. Bf4 Bf5 6. Qb3 Qb6 7. e3 Bxb1 8. Rxb1 e6 9. c5 Qxb3 10. axb3 Nbd7 11. h3 Bg7 12. b4 a6 13. Ra1 0-0 14. Be2 Ne4 15. 0-0 f6 16. Ra3 e5 17. Bh2 Rae8 18. Rd1 f5 19. dxe5 Nxe5 20. Nd4 Rf7 21. f3 Nf6 22. g4 Nc4 23. Bxc4 dxc4 24. gxf5 Nd5 25. e4 Nxb4 26. fxg6 hxg6 27. Kg2 Nd3 28. Rdxd3 cxd3 29. Rxd3 Rd7 30. Bd6 Be5 31. Bxe5 Rxe5 32. b4 a5 33. bxa5 Rxc5 34. Kf2 Rxa5 35. Ke3 c5 36. Nb3 Rxd3+ 37. Kxd3 Ra3 38. Kc3 b6 39. Kb2 Ra7 40. Kc3 Kf7 0-1

[Event "Suwalki Warakomska Memorial 5th"]
[Site "Suwalki"]
[Date "2021.07.29"]
[Round "3"]
[White "Jankowiak, Piotr"]
[Black "Dzhuguryan, Tygran"]
[Result "1/2-1/2"]
[WhiteElo "2039"]
[BlackElo "2176"]
[PlyCount "155"]
[EventDate "2021.07.27"]
[EventType "swiss"]
[EventRounds "9"]
[EventCountry "POL"]
[SourceTitle "CBM 203 Extra"]
[Source "ChessBase"]
[SourceDate "2021.09.30"]
[SourceVersion "1"]
[SourceVersionDate "2021.09.30"]
[SourceQuality "1"]

1. d4 d5 2. Bf4 c5 3. c3 Nc6 4. e3 cxd4 5. exd4 Bf5 6. Qb3 Qd7 7. Nf3 f6 8. h4 h5 9. Na3 e6 10. Be2 Rc8 11. 0-0 Nge7 12. Rac1 Ng6 13. Bg3 Na5 14. Qb5 Qxb5 15. Nxb5 a6 16. Nd6+ Bxd6 17. Bxd6 Kd7 18. Bg3 Nc4 19. b3 Nd6 20. Nd2 Nb5 21. Bxb5+ axb5 22. Rfd1 Bd3 23. Nf1 Bxf1 24. Kxf1 Rc6 25. Rd2 Rhc8 26. Rdc2 Ne7 27. f3 Ra8 28. Ke2 Rca6 29. Ra1 Ra3 30. Rb2 Nc6 31. Kd3 Ne7 32. Bf2 Nf5 33. Be1 Rg8 34. g4 hxg4 35. fxg4 Nd6 36. Bd2 Ne4 37. Be3 Rh8 38. Rh2 Rc8 39. Rc2 Ra6 40. Rac1 Rac6 41. c4 bxc4+ 42. bxc4 Nd6 43. cxd5 exd5 44. Rxc6 Rxc6 45. Rxc6 Kxc6 46. Bc1 Ne4 47. Ke3 Kd7 48. Ba3 Ke6 49. Bf8 Kf7 50. Bb4 Ke6 51. Bf8 g5 52. hxg5 Nxg5 53. Kf4 Kf7 54. Bb4 Ne6+ 55. Ke3 Kg6 56. Bd6 Kg5 57. Be7 Nc7 58. a4 Na6 59. Kf3 Nb8 60. Bd6 Nc6 61. Bf4+ Kg6 62. Ke3 Kf7 63. Kd3 Ke6 64. Kc3 Kd7 65. Be3 Ke6 66. Bh6 Kf7 67. Be3 Kg6 68. Bc1 f5 69. gxf5+ Kxf5 70. Bh6 Ke6 71. Bf4 Kd7 72. Bg3 Nd8 73. Kb4 Kc6 74. Be5 Ne6 75. Bf6 Nf4 76. Bg7 Nd3+ 77. Kc3 Nf2 78. Kb4 1/2-1/2

[Event "Lazy Baltic Pearl op-A 17th"]
[Site "Lazy"]
[Date "2021.07.05"]
[Round "8"]
[White "Jankowiak, Piotr"]
[Black "Wojdak, Jan"]
[Result "0-1"]
[WhiteElo "2039"]
[BlackElo "2029"]
[PlyCount "114"]
[EventDate "2021.06.27"]
[EventType "swiss"]
[EventRounds "9"]
[EventCountry "POL"]
[SourceTitle "EXT 2022"]
[Source "ChessBase"]
[SourceDate "2021.10.06"]
[SourceVersion "1"]
[SourceVersionDate "2021.10.06"]
[SourceQuality "1"]

1. d4 d5 2. Nf3 Nf6 3. Bf4 c5 4. e3 e6 5. c3 Bd6 6. Bg3 0-0 7. Nbd2 b6 8. Bd3 Ba6 9. Bxa6 Nxa6 10. Qe2 Nb8 11. e4 Be7 12. 0-0 Nc6 13. Ne5 Nxe5 14. dxe5 Nxe4 15. Nxe4 dxe4 16. Rad1 Qc7 17. Qxe4 Rad8 18. f4 g6 19. Bf2 Rd7 20. Qa4 Rfd8 21. Rxd7 Rxd7 22. Rd1 b5 23. Qc2 Qd8 24. Rxd7 Qxd7 25. b3 c4 26. bxc4 bxc4 27. h3 a5 28. Bd4 Qb5 29. Qe4 a4 30. Kh2 a3 31. Qa8+ Kg7 32. Qc8 Qd5 33. Qc7 Bf8 34. Kg3 Bb4 35. Qb6 Bxc3 36. Bxc3 Qd3+ 37. Kg4 h5+ 38. Kh4 Qxc3 39. Qd8 Qd3 40. Qf6+ Kg8 41. g4 hxg4 42. hxg4 c3 43. f5 gxf5 44. Qg5+ Kf8 45. Qh6+ Ke8 46. Qh8+ Kd7 47. Qf8 Kc6 48. Qxa3 Kd5 49. gxf5 exf5 50. Qd6+ Ke4 51. Qc6+ Ke3 52. Kg5 c2 53. Kf6 Kd2 54. Qg2+ Kc3 55. Qc6+ Qc4 56. Qf3+ Kb2 57. Qf2 Ka1 0-1

[Event "Lazy Baltic Pearl op-A 17th"]
[Site "Lazy"]
[Date "2021.07.02"]
[Round "6"]
[White "Jankowiak, Piotr"]
[Black "Krasniewski, Szymon"]
[Result "1-0"]
[WhiteElo "2039"]
[BlackElo "1615"]
[PlyCount "75"]
[EventDate "2021.06.27"]
[EventType "swiss"]
[EventRounds "9"]
[EventCountry "POL"]
[SourceTitle "EXT 2022"]
[Source "ChessBase"]
[SourceDate "2021.10.06"]
[SourceVersion "1"]
[SourceVersionDate "2021.10.06"]
[SourceQuality "1"]

1. d4 Nf6 2. Bf4 g6 3. Nc3 d5 4. e3 c6 5. Qd2 Bg7 6. h4 b5 7. Bd3 Nbd7 8. Nf3 Nh5 9. Bh2 f5 10. Ng5 Nb6 11. 0-0-0 0-0 12. f3 a5 13. Ne2 h6 14. Nh3 Nc4 15. Bxc4 dxc4 16. Nhf4 Nxf4 17. Nxf4 g5 18. hxg5 hxg5 19. Ng6 Rf6 20. Ne5 Qb6 21. e4 c3 22. Qxc3 fxe4 23. fxe4 b4 24. Qc4+ Be6 25. Qxc6 Qa7 26. Qc5 Qa6 27. d5 b3 28. axb3 a4 29. Qc4 Qa7 30. bxa4 Qe3+ 31. Kb1 Rc8 32. Nc6 Rxc6 33. Qxc6 Bg4 34. d6 Bxd1 35. dxe7 Bxc2+ 36. Qxc2 Kf7 37. Be5 Rh6 38. Rf1+ 1-0

[Event "Lazy Baltic Pearl op-A 17th"]
[Site "Lazy"]
[Date "2021.07.01"]
[Round "5"]
[White "Goluch, Piotr"]
[Black "Jankowiak, Piotr"]
[Result "1/2-1/2"]
[WhiteElo "2333"]
[BlackElo "2039"]
[PlyCount "41"]
[EventDate "2021.06.27"]
[EventType "swiss"]
[EventRounds "9"]
[EventCountry "POL"]
[SourceTitle "EXT 2022"]
[Source "ChessBase"]
[SourceDate "2021.10.06"]
[SourceVersion "1"]
[SourceVersionDate "2021.10.06"]
[SourceQuality "1"]

1. f4 d5 2. Nf3 g6 3. g3 Bg7 4. Bg2 f6 5. c4 c6 6. Qb3 e6 7. d3 Nh6 8. Nc3 Nf7 9. e4 d4 10. Ne2 e5 11. c5 Qa5+ 12. Bd2 Qxc5 13. fxe5 fxe5 14. 0-0 Qe7 15. Bb4 Be6 16. Qa4 Qd7 17. Rac1 b6 18. Bd2 c5 19. Qa3 0-0 20. b4 cxb4 21. Bxb4 1/2-1/2

[Event "Lazy Baltic Pearl op-A 17th"]
[Site "Lazy"]
[Date "2021.06.28"]
[Round "2"]
[White "Jankowiak, Piotr"]
[Black "Szydelko, Michal"]
[Result "1-0"]
[WhiteElo "2039"]
[BlackElo "1861"]
[PlyCount "83"]
[EventDate "2021.06.27"]
[EventType "swiss"]
[EventRounds "9"]
[EventCountry "POL"]
[SourceTitle "EXT 2022"]
[Source "ChessBase"]
[SourceDate "2021.10.06"]
[SourceVersion "1"]
[SourceVersionDate "2021.10.06"]
[SourceQuality "1"]

1. d4 d5 2. Nf3 Nf6 3. Bf4 e6 4. e3 c5 5. c3 Bd6 6. Bg3 Nc6 7. Bd3 0-0 8. Nbd2 Qe7 9. Ne5 cxd4 10. exd4 Bxe5 11. dxe5 Nd7 12. Qe2 Nc5 13. Bc2 d4 14. Nf3 dxc3 15. bxc3 h6 16. Nd4 Rd8 17. Rd1 Nxd4 18. cxd4 Nd7 19. 0-0 Nf8 20. f4 Qb4 21. Qe3 Rb8 22. f5 exf5 23. e6 Bxe6 24. Bxb8 Rxb8 25. d5 Bd7 26. Bxf5 Bxf5 27. Rxf5 Rc8 28. d6 Ne6 29. d7 Rd8 30. Qxa7 Qg4 31. Rff1 Nf4 32. Rd2 Ne2+ 33. Kh1 Rxd7 34. Rxd7 Qxd7 35. Qb8+ Kh7 36. Qe5 Qd2 37. Qf5+ Kh8 38. Qxf7 Nc3 39. Qxb7 Qd3 40. Re1 Qd2 41. Qc8+ Kh7 42. Qf5+ 1-0

[Event "Krakow op-B 31st"]
[Site "Krakow"]
[Date "2020.12.29"]
[Round "3"]
[White "Jankowiak, Piotr"]
[Black "Swider, Pawel"]
[Result "1-0"]
[WhiteElo "2031"]
[BlackElo "1893"]
[PlyCount "51"]
[EventDate "2020.12.27"]
[EventType "swiss"]
[EventRounds "9"]
[EventCountry "POL"]
[SourceTitle "CBM 200 Extra"]
[Source "ChessBase"]
[SourceDate "2021.03.31"]
[SourceVersion "1"]
[SourceVersionDate "2021.03.31"]
[SourceQuality "1"]

1. d4 d5 2. Bf4 Nf6 3. e3 g6 4. Nc3 Bg7 5. h4 h5 6. Nf3 Bf5 7. Ne5 c6 8. Qd2 Nbd7 9. f3 Qa5 10. 0-0-0 Nxe5 11. Bxe5 b5 12. Kb1 Qb6 13. Bd3 Be6 14. e4 0-0-0 15. exd5 Bxd5 16. Nxd5 Rxd5 17. c4 Rd7 18. cxb5 cxb5 19. Rc1+ Kb7 20. Rc5 a6 21. Rhc1 Rhd8 22. Rc7+ Ka8 23. R1c6 Qxc7 24. Rxc7 Rxc7 25. Bxc7 Rxd4 26. Qa5 1-0

[Event "POL-chT 2nd League"]
[Site "Poronin"]
[Date "2020.09.05"]
[Round "1.17"]
[White "Jankowiak, Piotr"]
[Black "Markiewicz, Jerzy"]
[Result "1/2-1/2"]
[WhiteElo "2000"]
[BlackElo "2169"]
[PlyCount "60"]
[EventDate "2020.09.05"]
[EventType "team-swiss"]
[EventRounds "9"]
[EventCountry "POL"]
[SourceTitle "CBM 198 Extra"]
[Source "ChessBase"]
[SourceDate "2020.11.30"]
[SourceVersion "1"]
[SourceVersionDate "2020.11.30"]
[SourceQuality "1"]
[WhiteTeam "Bogatynia UKS SP3"]
[BlackTeam "Pilzno GKSz Hetman"]
[WhiteTeamCountry "POL"]
[BlackTeamCountry "POL"]

1. d4 Nf6 2. Bf4 d5 3. e3 c5 4. c3 Nc6 5. Nd2 e6 6. Ngf3 Bd6 7. Bg3 0-0 8. Bd3 b6 9. Qe2 cxd4 10. exd4 Bb7 11. Ne5 Qc7 12. 0-0 Ne7 13. f4 Nf5 14. Bf2 Be7 15. g4 Nd6 16. Rae1 Nfe4 17. Bg3 Nxd2 18. Qxd2 f6 19. Nf3 Ne4 20. Qe3 Bd6 21. Nd2 f5 22. g5 a5 23. Qe2 h6 24. gxh6 gxh6 25. Kh1 Kh7 26. Qe3 Rg8 27. Rg1 Rg4 28. Ref1 Rag8 29. Be2 R4g7 30. Nf3 Bc6 1/2-1/2

[Event "Wroclaw op"]
[Site "Wroclaw"]
[Date "2020.08.08"]
[Round "9"]
[White "Vanduyfhuys, Daria"]
[Black "Jankowiak, Piotr"]
[Result "1/2-1/2"]
[WhiteElo "2050"]
[BlackElo "1992"]
[PlyCount "100"]
[EventDate "2020.08.01"]
[EventType "swiss"]
[EventRounds "9"]
[EventCountry "POL"]
[SourceTitle "CBM 197 Extra"]
[Source "ChessBase"]
[SourceDate "2020.09.30"]
[SourceVersion "1"]
[SourceVersionDate "2020.09.30"]
[SourceQuality "1"]

1. d4 d5 2. c4 c6 3. Nc3 Nf6 4. Nf3 dxc4 5. e3 b5 6. a4 b4 7. Na2 a5 8. Bxc4 e6 9. 0-0 Be7 10. Qd3 0-0 11. Bd2 Ba6 12. Nc1 Bxc4 13. Qxc4 Qd5 14. Qxd5 cxd5 15. Nb3 Nbd7 16. Rfc1 Nb6 17. Ne5 Ne4 18. f3 Nxd2 19. Nxd2 Rfc8 20. Nc6 Bd6 21. Nb3 Nc4 22. Ncxa5 Rc7 23. Nxc4 dxc4 24. Nd2 c3 25. bxc3 bxc3 26. Ne4 Bb4 27. Rab1 Rc4 28. Nd2 Rcc8 29. Rxb4 cxd2 30. Rd1 Rc1 31. Rb1 Rxb1 32. Rxb1 h5 33. Rd1 Rxa4 34. Rxd2 Kf8 35. Kf2 Ke7 36. Rb2 g6 37. Kg3 Kf6 38. Kf4 Ra1 39. Rd2 Ra5 40. e4 Ra4 41. h4 Ra1 42. g3 Rb1 43. d5 exd5 44. Rxd5 Rf1 45. Ra5 Rf2 46. Ra6+ Kg7 47. Ra7 Rf1 48. Ra6 Rf2 49. e5 Rf1 50. Ra7 Re1 1/2-1/2

[Event "Wroclaw op"]
[Site "Wroclaw"]
[Date "2020.08.06"]
[Round "7"]
[White "Jankowiak, Piotr"]
[Black "Kanicki, Krzysztof"]
[Result "0-1"]
[WhiteElo "1992"]
[BlackElo "2163"]
[PlyCount "90"]
[EventDate "2020.08.01"]
[EventType "swiss"]
[EventRounds "9"]
[EventCountry "POL"]
[SourceTitle "CBM 197 Extra"]
[Source "ChessBase"]
[SourceDate "2020.09.30"]
[SourceVersion "1"]
[SourceVersionDate "2020.09.30"]
[SourceQuality "1"]

1. d4 Nf6 2. Bf4 g6 3. Nc3 d5 4. e3 Bg7 5. h4 c6 6. Qd2 Bf5 7. Nf3 Nbd7 8. Ne5 h5 9. Bd3 Nxe5 10. Bxe5 Bxd3 11. Qxd3 Kf8 12. f3 Nd7 13. Bxg7+ Kxg7 14. e4 e6 15. 0-0-0 b5 16. Ne2 a5 17. Rdg1 b4 18. g4 hxg4 19. Rxg4 Nf6 20. Rg2 Nh5 21. Qe3 a4 22. Rg5 b3 23. cxb3 axb3 24. Qxb3 Qa5 25. a3 Rab8 26. Qc2 Qb6 27. Rh2 Rhc8 28. Kb1 c5 29. Qd2 cxd4 30. Qxd4+ Qxd4 31. Nxd4 Rc4 32. Rd2 dxe4 33. fxe4 Nf6 34. Re5 Rh8 35. b3 Rc3 36. a4 Rxh4 37. a5 Nxe4 38. Rc2 Rd3 39. Nc6 Nd2+ 40. Ka2 Nxb3 41. a6 Ra4+ 42. Kb2 Nd4 43. Nxd4 Rdxd4 44. Rc6 Rd2+ 45. Kb3 Rda2 0-1